Co to za kość? - Statystyki

Ogólne statystyki
  • Ten quiz został rozwiązany 108 razy
  • Średni wynik to 9 z 16
Statystyki odpowiedzi
Obrazkowy Odpowiedź % Poprawnych
Kość miedniczna
92%
Żuchwa
84%
Kość udowa
79%
Kość czołowa
74%
Łopatka
71%
Obojczyk
64%
Kość ramienna
60%
Mostek
59%
Żebro
59%
Kość promieniowa
57%
Kość piszczelowa
56%
Kręg szczytowy
51%
Kość krzyżowa
50%
Kość łokciowa
46%
Kość gnykowa
19%
Lemiesz
14%
Nie znaleziono quizów pasujących do podanych kryteriów
Rozkład punktacji
Procent ludzi z każdym wynikiem
Percentyl według liczby udzielonych odpowiedzi
Twoja historia wyników
Nie rozwiązałeś tego quizu